| 000 | 00943nam a22002777a 4500 | ||
|---|---|---|---|
| 001 | 4901 | ||
| 003 | FISKH | ||
| 005 | 20241023123340.0 | ||
| 008 | 241023b cb ||||| |||| 00| 0 eng d | ||
| 020 | _a0590464248 | ||
| 040 |
_aFISKH _beng _cFISKH _dFISKH |
||
| 050 | _aTL540.W7 | ||
| 082 | _a629.13 | ||
| 100 | _aFreeman, Russell | ||
| 245 |
_aThe Wright Brothers : _bHow They Invented the Airplane / _cby Russell Freeman with Original Photographs by Wilbur and Orville Wright |
||
| 250 | _aFirst Scholastic printing , April 1993 | ||
| 260 |
_aNew York : _bScholastic ; _c1991 . |
||
| 300 |
_a128 pages : _billustrations ; _c24 cm . |
||
| 505 | _aZ | ||
| 520 | _aFollows the lives of the Wright brothers and describes how they developed the first airplane. | ||
| 521 | 8 |
_a1160
_bLexile |
|
| 521 | 8 |
_aZ
_bRaz-Plus |
|
| 650 |
_ainventions _vnon-fiction |
||
| 700 |
_aWright, Orville _ephotographer |
||
| 942 |
_2ddc _cBK _n0 |
||
| 999 |
_c4901 _d4901 |
||